000 00690nam a2200241Ia 4500
005 20260430150614.0
008 008 250103s9999 xx 000 0 eng d
037 _aTheses
040 _aCRL
040 _beng
040 _ceng
041 _2eng
041 _aeng
084 _qCRL
100 _aDurga Lokesh Kumar Au.; Tyagi Jaya S. Gu.
_91237980
245 0 _aSettlements in Western Odisha: A Study of Environmental, Archaeological and Epigraphical Evidence (500BCE-1200CE)
260 _c2024
300 _a328p.
650 _aHistory
700 _aUniversity of Delhi. Faculty of Social Science. Deptt. of History
_91237981
942 _cTH
999 _c1850189
_d1850189